<?xml version="1.0" encoding="UTF-8"?>
<record
    xmlns:xsi="http://www.w3.org/2001/XMLSchema-instance"
    xsi:schemaLocation="http://www.loc.gov/MARC21/slim http://www.loc.gov/standards/marcxml/schema/MARC21slim.xsd"
    xmlns="http://www.loc.gov/MARC21/slim">

  <leader>03187nam a2200481 a 4500</leader>
  <controlfield tag="001">Para_10472</controlfield>
  <controlfield tag="003">CHAP</controlfield>
  <controlfield tag="005">20250211134500.0</controlfield>
  <controlfield tag="007">ta</controlfield>
  <controlfield tag="008">220602s1997    sp ado fr     001 0 spa d</controlfield>
  <datafield tag="020" ind1=" " ind2=" ">
    <subfield code="a">84 - 282 - 1030 - 6</subfield>
  </datafield>
  <datafield tag="040" ind1=" " ind2=" ">
    <subfield code="a">mxchpua</subfield>
    <subfield code="c">CHAP</subfield>
    <subfield code="e">rda</subfield>
  </datafield>
  <datafield tag="041" ind1=" " ind2=" ">
    <subfield code="a">spa</subfield>
    <subfield code="b">spa</subfield>
    <subfield code="f">spa</subfield>
    <subfield code="h">ger</subfield>
  </datafield>
  <datafield tag="050" ind1="1" ind2=" ">
    <subfield code="a">QR41.2</subfield>
    <subfield code="b">.S35 1997</subfield>
  </datafield>
  <datafield tag="082" ind1="0" ind2="0">
    <subfield code="2">20</subfield>
    <subfield code="a">PA 576 </subfield>
    <subfield code="b">.S35 1997</subfield>
  </datafield>
  <datafield tag="100" ind1="1" ind2=" ">
    <subfield code="a">Schlegel, Hans G.</subfield>
    <subfield code="9">185098</subfield>
  </datafield>
  <datafield tag="240" ind1="1" ind2="0">
    <subfield code="a">Allgemeine mikrobiologie.</subfield>
    <subfield code="l">Espa&#xF1;ol</subfield>
  </datafield>
  <datafield tag="245" ind1="1" ind2="0">
    <subfield code="a">Microbiolog&#xED;a general / </subfield>
    <subfield code="c">Hans G. Schlegel ; colaboradora Christiane Zaborosch; traductor Jordi Lalucat</subfield>
  </datafield>
  <datafield tag="250" ind1=" " ind2=" ">
    <subfield code="a">1a edici&#xF3;n</subfield>
  </datafield>
  <datafield tag="264" ind1=" " ind2=" ">
    <subfield code="a">Barcelona, Espa&#xF1;a :</subfield>
    <subfield code="b">Omega,</subfield>
    <subfield code="c">1997</subfield>
  </datafield>
  <datafield tag="300" ind1=" " ind2=" ">
    <subfield code="a">xvi, 654 p&#xE1;ginas :</subfield>
    <subfield code="b">ilustraciones, gr&#xE1;ficas, diagramas, tablas, fotos</subfield>
  </datafield>
  <datafield tag="336" ind1=" " ind2=" ">
    <subfield code="2">rdacontent</subfield>
    <subfield code="a">texto</subfield>
    <subfield code="b">txt</subfield>
  </datafield>
  <datafield tag="337" ind1=" " ind2=" ">
    <subfield code="2">rdamedia</subfield>
    <subfield code="a">no mediado</subfield>
    <subfield code="b">n</subfield>
  </datafield>
  <datafield tag="338" ind1=" " ind2=" ">
    <subfield code="2">rdacarrier</subfield>
    <subfield code="a">volumen</subfield>
    <subfield code="b">nc</subfield>
  </datafield>
  <datafield tag="500" ind1=" " ind2=" ">
    <subfield code="a">Contiene 263 ilustraciones y 41 tablas</subfield>
  </datafield>
  <datafield tag="504" ind1=" " ind2=" ">
    <subfield code="a">Bibliograf&#xED;a: p&#xE1;ginas 613-618</subfield>
  </datafield>
  <datafield tag="505" ind1="0" ind2=" ">
    <subfield code="a">Prefacio --
1. La posici&#xF3;n de los microorganismos --
2. La c&#xE9;lula y su estructura --
3. Los grupos de procariotas --
4. Los virus: propagaci&#xF3;n y estructura --
5. Los hongos (Fungi=Mycota) --
6. El crecimiento de los microorganismos -- 
7. Mecanismos b&#xE1;sicos del metabolismo y de la obtenci&#xF3;n de energ&#xED;a --
8. Fermentaciones especiales --
9. Transporte de electrones en condiciones anaer&#xF3;bicas --
10. Oxidaciones incompletas y biotecnolog&#xED;a aplicada --
11. Dadores inorg&#xE1;nicos de hir&#xF3;genos: bacterias aer&#xF3;bicas quimiolitotrofas --
12. Bacterias fitotr&#xF3;ficas y fitos&#xED;ntesis --
13. Fijaci&#xF3;n de nitr&#xF3;geno molecular --
14. Degradaci&#xF3;n de los productos naturales --
15. Constancia, modificaci&#xF3;n y transferencia de la informaci&#xF3;n gen&#xE9;tica --
16. La regulaci&#xF3;n del metabolismo --
17. Microorganismos y medio ambiente --
Bibliograf&#xED;a --
Vocabulario --
&#xCD;ndice alfab&#xE9;tico</subfield>
  </datafield>
  <datafield tag="520" ind1="2" ind2=" ">
    <subfield code="a">La microbiolog&#xED;a se ocupa del estudio de los grupos de hongos, bacterias y virus que no quedan incluidos en la zoolog&#xED;a ni en la bot&#xE1;nica. El estudio de los microorganismos ha hecho aportaciones muy importantes para la resoluci&#xF3;n de los problemas biol&#xF3;gicos, especialmente en los aspectos gen&#xE9;tico y metab&#xF3;lico. Para estos estudios, los microorganismos son los preferidos por su f&#xE1;cil manejo y cultivo y por la rapidez de reproducci&#xF3;n. Esta obra est&#xE1; centrada en la fisiolog&#xED;a de las bacterias y da una descripci&#xF3;n bien detallada de las reacciones metab&#xF3;licas. La comprensi&#xF3;n de las reacciones moleculares facilita una visi&#xF3;n de conjunto de la biolog&#xED;a.</subfield>
  </datafield>
  <datafield tag="650" ind1="1" ind2="7">
    <subfield code="a">Microbiolog&#xED;a</subfield>
    <subfield code="2">atg</subfield>
    <subfield code="9">75490</subfield>
  </datafield>
  <datafield tag="650" ind1="1" ind2="3">
    <subfield code="a">Fisiolog&#xED;a microbial</subfield>
    <subfield code="2">atg</subfield>
    <subfield code="9">189329</subfield>
  </datafield>
  <datafield tag="650" ind1="1" ind2="7">
    <subfield code="a">Microorganismos</subfield>
    <subfield code="2">atg</subfield>
    <subfield code="9">75519</subfield>
  </datafield>
  <datafield tag="650" ind1="1" ind2="3">
    <subfield code="a">Microbiology</subfield>
    <subfield code="9">150556</subfield>
    <subfield code="2">atg</subfield>
  </datafield>
  <datafield tag="650" ind1="1" ind2="3">
    <subfield code="a">Microbial physiology</subfield>
    <subfield code="9">189330</subfield>
    <subfield code="2">atg</subfield>
  </datafield>
  <datafield tag="650" ind1="1" ind2="3">
    <subfield code="a">Microorganisms</subfield>
    <subfield code="9">150546</subfield>
    <subfield code="2">atg</subfield>
  </datafield>
  <datafield tag="650" ind1="1" ind2="3">
    <subfield code="a">Bacterias </subfield>
    <subfield code="9">9318</subfield>
    <subfield code="2">atg</subfield>
  </datafield>
  <datafield tag="650" ind1="1" ind2="3">
    <subfield code="a">Virus</subfield>
    <subfield code="9">119936</subfield>
    <subfield code="2">atg</subfield>
  </datafield>
  <datafield tag="700" ind1="1" ind2=" ">
    <subfield code="a">Zaborosch, Christiane</subfield>
    <subfield code="9">185100</subfield>
    <subfield code="e">colaboradora</subfield>
  </datafield>
  <datafield tag="700" ind1="1" ind2=" ">
    <subfield code="a">Lalucat, Jordi</subfield>
    <subfield code="9">189992</subfield>
    <subfield code="e">traductor</subfield>
  </datafield>
  <datafield tag="901" ind1=" " ind2=" ">
    <subfield code="a">PA 576 S35</subfield>
  </datafield>
  <datafield tag="902" ind1=" " ind2=" ">
    <subfield code="a">M</subfield>
  </datafield>
  <datafield tag="905" ind1=" " ind2=" ">
    <subfield code="a">5232201997                             amt 8000000300   06</subfield>
  </datafield>
  <datafield tag="942" ind1=" " ind2=" ">
    <subfield code="c">LIBRO</subfield>
    <subfield code="2">ddc</subfield>
  </datafield>
  <datafield tag="999" ind1=" " ind2=" ">
    <subfield code="c">217277</subfield>
    <subfield code="d">217277</subfield>
  </datafield>
  <datafield tag="952" ind1=" " ind2=" ">
    <subfield code="0">0</subfield>
    <subfield code="1">0</subfield>
    <subfield code="2">ddc</subfield>
    <subfield code="4">0</subfield>
    <subfield code="5">1</subfield>
    <subfield code="7">0</subfield>
    <subfield code="8">GRAL</subfield>
    <subfield code="a">PA</subfield>
    <subfield code="b">PA</subfield>
    <subfield code="d">2017-11-13</subfield>
    <subfield code="i">(PA_010713) (No. UACh C/E)</subfield>
    <subfield code="l">0</subfield>
    <subfield code="o">PA 576 .S35</subfield>
    <subfield code="p">4102000335</subfield>
    <subfield code="r">2022-06-02 00:00:00</subfield>
    <subfield code="t">Ej.1</subfield>
    <subfield code="w">2022-06-02</subfield>
    <subfield code="y">LIBRO</subfield>
    <subfield code="z">2</subfield>
  </datafield>
  <datafield tag="952" ind1=" " ind2=" ">
    <subfield code="0">0</subfield>
    <subfield code="1">0</subfield>
    <subfield code="2">ddc</subfield>
    <subfield code="4">0</subfield>
    <subfield code="5">3</subfield>
    <subfield code="7">0</subfield>
    <subfield code="8">GRAL</subfield>
    <subfield code="a">PA</subfield>
    <subfield code="b">PA</subfield>
    <subfield code="d">2019-12-05</subfield>
    <subfield code="i">(PA_010792) (No. UACh C/E)</subfield>
    <subfield code="l">5</subfield>
    <subfield code="m">5</subfield>
    <subfield code="o">PA 576 .S35</subfield>
    <subfield code="p">4102000336</subfield>
    <subfield code="r">2025-09-02 14:43:45</subfield>
    <subfield code="s">2025-01-31</subfield>
    <subfield code="t">Ej.2</subfield>
    <subfield code="w">2022-06-02</subfield>
    <subfield code="y">LIBRO</subfield>
    <subfield code="z">3</subfield>
  </datafield>
  <datafield tag="952" ind1=" " ind2=" ">
    <subfield code="0">0</subfield>
    <subfield code="1">0</subfield>
    <subfield code="2">ddc</subfield>
    <subfield code="4">0</subfield>
    <subfield code="5">1</subfield>
    <subfield code="7">0</subfield>
    <subfield code="8">GRAL</subfield>
    <subfield code="a">IA_</subfield>
    <subfield code="b">IA_</subfield>
    <subfield code="d">2024-10-16</subfield>
    <subfield code="e">Compra Librer&#xED;a UACh F. 44565</subfield>
    <subfield code="g">2040.00</subfield>
    <subfield code="i">Consumo</subfield>
    <subfield code="l">0</subfield>
    <subfield code="o">576 S35 1997</subfield>
    <subfield code="p">1102015213</subfield>
    <subfield code="r">2025-01-29 13:10:12</subfield>
    <subfield code="t">Ej. 1</subfield>
    <subfield code="w">2025-01-29</subfield>
    <subfield code="y">LIBRO</subfield>
  </datafield>
  <datafield tag="952" ind1=" " ind2=" ">
    <subfield code="0">0</subfield>
    <subfield code="1">0</subfield>
    <subfield code="2">ddc</subfield>
    <subfield code="4">0</subfield>
    <subfield code="5">5</subfield>
    <subfield code="7">0</subfield>
    <subfield code="8">GRAL</subfield>
    <subfield code="a">IA_</subfield>
    <subfield code="b">IA_</subfield>
    <subfield code="d">2024-10-16</subfield>
    <subfield code="e">Compra Librer&#xED;a UACh F. 44565</subfield>
    <subfield code="g">2040.00</subfield>
    <subfield code="i">Consumo</subfield>
    <subfield code="l">5</subfield>
    <subfield code="m">1</subfield>
    <subfield code="o">576 S35 1997</subfield>
    <subfield code="p">1102015214</subfield>
    <subfield code="r">2026-02-19 14:52:02</subfield>
    <subfield code="s">2026-02-13</subfield>
    <subfield code="t">Ej. 2</subfield>
    <subfield code="w">2025-01-29</subfield>
    <subfield code="y">LIBRO</subfield>
  </datafield>
  <datafield tag="952" ind1=" " ind2=" ">
    <subfield code="0">0</subfield>
    <subfield code="1">0</subfield>
    <subfield code="2">ddc</subfield>
    <subfield code="4">0</subfield>
    <subfield code="5">3</subfield>
    <subfield code="7">0</subfield>
    <subfield code="8">GRAL</subfield>
    <subfield code="a">PA</subfield>
    <subfield code="b">PA</subfield>
    <subfield code="d">2025-10-07</subfield>
    <subfield code="i">Consumo</subfield>
    <subfield code="l">0</subfield>
    <subfield code="o">PA 576  .S35 1997</subfield>
    <subfield code="p">4102004161</subfield>
    <subfield code="r">2025-10-07 13:47:16</subfield>
    <subfield code="t">Ej.3</subfield>
    <subfield code="w">2025-10-07</subfield>
    <subfield code="y">LIBRO</subfield>
  </datafield>
</record>
